The Minor Elizabethan drama / (Record no. 20267)
[ view plain ]
| 000 -LEADER | |
|---|---|
| fixed length control field | 01133cam a22003011 4500 |
| 001 - CONTROL NUMBER | |
| control field | 20267 |
| 003 - CONTROL NUMBER IDENTIFIER | |
| rucl marc code | BD-RjUL |
| 005 - DATE AND TIME OF LATEST TRANSACTION | |
| control field | 20211209000537.0 |
| 008 - FIXED-LENGTH DATA ELEMENTS--GENERAL INFORMATION | |
| fixed length control field | 140227r19641910enk b 000 0 eng |
| 035 ## - SYSTEM CONTROL NUMBER | |
| System control number | (BD-RjUL)20329 |
| System control number | (OCoLC)16729617 |
| 040 ## - CATALOGING SOURCE | |
| Original cataloging agency | DLC |
| Transcribing agency | OrPS |
| Modifying agency | DLC |
| -- | BD-RjUL |
| Language of cataloging | eng |
| 041 ## - LANGUAGE CODE | |
| Language code of text/sound track or separate title | eng |
| 082 ## - DEWEY DECIMAL CLASSIFICATION NUMBER | |
| Classification number | 822.30822 |
| Author mark and year | MIN 1964 |
| 245 04 - TITLE STATEMENT | |
| Title | The Minor Elizabethan drama / |
| Statement of responsibility, etc. | introduction by Ashley Thorndike. |
| 260 ## - PUBLICATION, DISTRIBUTION, ETC. (IMPRINT) | |
| Place of publication, distribution, etc. | London ; |
| -- | New York : |
| Name of publisher, distributor, etc. | J.M. Dent & Sons, Ltd.; |
| -- | Everyman's, |
| Date of publication, distribution, etc. | 1910 [reprinted 1951,1964]. |
| 300 ## - PHYSICAL DESCRIPTION | |
| Pagination | 2 v. ; |
| Size | 18 cm. |
| 490 0# - SERIES STATEMENT | |
| Series statement | Everyman's library, ed. by Ernest Rhys. Poetry and the drama |
| Volume/sequential designation | [no. 491-492] |
| 500 ## - GENERAL NOTE | |
| General note | "First published in this edition, 1910; reprinted ... 1933." |
| General note | "Introduction by Prof. Ashley Thorndyke." |
| 504 ## - BIBLIOGRAPHY, ETC. NOTE | |
| Bibliography, etc | "Bibliography in brief": v. 1, p. xv; v. 2, p. xv. |
| 505 0# - FORMATTED CONTENTS NOTE | |
| Formatted contents note | Vol. 1. Pre-Shakespearean tragedies -- |
| 650 #0 - SUBJECT ADDED ENTRY--TOPICAL TERM | |
| Topical term or geographic name as entry element | English drama |
| Chronological subdivision | Early modern and Elizabethan, 1500-1600. |
| 9 (RLIN) | 2066 |
| 700 1# - ADDED ENTRY--PERSONAL NAME | |
| Personal name | Thorndike, Ashley Horace, |
| Dates associated with a name | 1871-1933. |
| 942 ## - ADDED ENTRY ELEMENTS (KOHA) | |
| Source of classification or shelving scheme | Dewey Decimal Classification |
| Koha item type | Books |
| Lost status | Source of classification or shelving scheme | Damaged status | Not for loan | Collection code | Permanent Location | Current Location | Shelving location | Date acquired | Source of acquisition | Cost, normal purchase price | Total Checkouts | Full call number | Date last seen | Copy number | Koha item type |
|---|---|---|---|---|---|---|---|---|---|---|---|---|---|---|---|
| Dewey Decimal Classification | Fiction | Central Library, University of Rajshahi | Central Library, University of Rajshahi | 09/12/1978 | W. B. C. | 0.00 | 822.30822 MIN V-1 1964 | 27/02/2014 | C-3 | Books | |||||
| Dewey Decimal Classification | Not For Loan | Fiction | Central Library, University of Rajshahi | Central Library, University of Rajshahi | Reading Room | 19/09/1955 | B.H. Blackwell | 55.00 | 822.30822 MIN V-1 1951 | 22/09/2021 | C-1 | Books |